Qui suis-je Supernatural - Statistiques

Statistiques générales
  • Ce quiz a été pris 290 fois
  • Le résultat moyen est 12 sur 15
Statistiques - réponses
Hint Réponse % Correct
Je suis le frère aîné des Winchester et j'adore ma voiture, qui suis-je ? Dean
100%
J'ai été élevé pour devenir chasseur, mais j'ai longtemps voulu mener une vie normale, qui suis-je ? Sam
99%
Je suis un ange déchu et je suis devenu un allié des Winchester, qui suis-je ? Castiel
98%
Je suis un chasseur vétéran et un mentor pour les Winchester, qui suis-je ? Bobby
95%
Je suis l'ange déchu connu pour ma rébellion contre Dieu, qui suis-je ? Lucifer
93%
Je suis la fille d’Ellen et j’ai voulu suivre les traces de ma mère en devenant chasseuse, qui suis-je ? Jo
91%
Je suis le père des Winchester, obsédé par la chasse aux monstres pour venger ma femme, qui suis-je ? John
90%
Je suis la mère des Winchester et j'ai un passé de chasseuse, qui suis-je ? Mary
89%
Je suis le roi des enfers qui aime se mêler des affaires humaines pour mon propre amusement, qui suis-je ? Crowley
85%
Je suis un archange connu pour mon humour et ma capacité à jouer des tours, qui suis-je ? Gabriel
84%
Je suis une sorcière extrêmement puissante et j'ai une relation compliquée avec mon fils, qui suis je ? Rowena
74%
Je suis le fils de Lucifer luttant pour ma place dans le monde, qui suis-je ? Jack
71%
Je suis une geek et je suis devenue chasseuse grâce aux Winchester, qui suis-je ? Charlie
70%
Je suis souvent en conflit avec mon frère, Lucifer, et je suis déterminé à l'arrêter, qui suis-je ? Michael
61%
Je suis la fille de l'hôte de Castiel et j'ai suivi les traces de mon père, qui suis-je ? Claire
46%
Aucun quiz correspondant
Distribution des résultats
% des personnes avec chaque résultat
Percentile par nombre de réponses
Votre historique - résultats
Vous n’avez pas pris ce quiz